| 000 | 00968nam a22003137a 4500 | ||
|---|---|---|---|
| 003 | CHAP | ||
| 005 | 20220329140248.0 | ||
| 008 | 971013s1979 r 00010 d | ||
| 010 | _a49390 | ||
| 011 | _a50362 | ||
| 035 | _a54512 | ||
| 040 | _cCHAP | ||
| 082 |
_a330.973 _bR6 1979 |
||
| 100 | 0 | 0 |
_aRobertson, Ross Marshall. _997963 |
| 245 | _aHistory of the american economy | ||
| 250 | _a4 ed. | ||
| 260 |
_aNew York : _bHacourt Brace Jovanovich, _c1979 |
||
| 300 |
_a586 p. _b: ilus |
||
| 590 |
_aBATCH-UPD _b10 _c20130110 _lUCH01 _h0313 |
||
| 590 |
_aBATCH-UPD _b10 _c20130409 _lUCH01 _h2346 |
||
| 590 |
_aBATCH-UPD _b10 _c20130914 _lUCH01 _h1225 |
||
| 590 |
_aCONVERSION _b10 _c20130109 _lUCH01 _h1327 |
||
| 650 | 1 | 4 |
_aE.U.A. _xCondiciones económicas. _934838 |
| 650 | 1 | 4 |
_aHistoria económica _xE.U.A. _955627 |
| 700 | 0 |
_aWalton, Gary M. _9120992 |
|
| 901 | _aBK | ||
| 942 | _cLIBRO | ||
| 949 |
_a330.973 R6 1979 _bBC _cLIBRO _d33724000330643 _eLIBRO _h51796 _i54512 _si |
||
| 999 |
_c49390 _d49390 |
||